LIBRARY & INFORMATION CENTRE, KCAET, TAVANUR

ONLINE PUBLIC ACCESS CATALOGUE (OPAC)

Foundation of Environmental Science (Record no. 15615)

MARC details
000 -LEADER
fixed length control field 00369nam a22001457a 4500
003 - CONTROL NUMBER IDENTIFIER
control field OSt
008 - FIXED-LENGTH DATA ELEMENTS--GENERAL INFORMATION
fixed length control field 190520b ||||| |||| 00| 0 eng d
020 ## - INTERNATIONAL STANDARD BOOK NUMBER
ISBN 9789380428079
082 ## - DEWEY DECIMAL CLASSIFICATION NUMBER
Classification number 628.
Item number MIT/FO
100 ## - MAIN ENTRY--AUTHOR NAME
Personal name Mitra, Abhijit
245 ## - TITLE STATEMENT
Title Foundation of Environmental Science
260 ## - PUBLICATION, DISTRIBUTION, ETC. (IMPRINT)
Place of publication Delhi
Name of publisher Narendra publishing House
Year of publication 2000
300 ## - PHYSICAL DESCRIPTION
Number of Pages 159 p.
942 ## - ADDED ENTRY ELEMENTS (KOHA)
Koha item type Books
Holdings
Withdrawn status Lost status Damaged status Collection code Home library Current library Shelving location Date acquired Full call number Accession Number Koha item type
      Non-fiction KAUAET KAUAET General Stacks 20/05/2019 628. MIT/FO 25807 Books
free website counter